|
|
|
|
| LEADER |
00000nam0a2200000 4500 |
| 001 |
356102 |
| 005 |
20231102010848.0 |
| 035 |
|
|
|a (RuTPU)RU\TPU\retro\13362
|
| 090 |
|
|
|a 356102
|
| 100 |
|
|
|a 20200715d1903 km y0rusy50 ca
|
| 101 |
0 |
|
|a rus
|
| 102 |
|
|
|a RU
|
| 105 |
|
|
|a y a 001zy
|
| 200 |
1 |
|
|a Указатели к историческому обзору деятельности Комитета Министров и дополнение к I и II томам, составленные С. М. Середониным
|f сост. П. Ю. Левинсон-Лессинг, С. В. Юрьев, А. М. Ону
|
| 205 |
|
|
|a Издание Канцелярии Комитета Министров
|
| 210 |
|
|
|a Санкт-Петербург
|c Государственная Типография
|d 1903
|
| 215 |
|
|
|a 107 с.
|
| 300 |
|
|
|a Текст в русской дореформенной орфографии
|
| 320 |
|
|
|a Указ. имен: с. 1-90
|
| 422 |
|
1 |
|0 (RuTPU)RU\TPU\retro\13358
|t Исторический обзор деятельности Комитета Министров
|h Ч. 2 : Комитет Министров в царствование Императора Николая Первого (1825 г. ноября 20 - 1855 г. февраля 18)
|f сост. С. М. Середонин
|e Издание Канцелярии Комитета Министров
|c Санкт-Петербург
|n Государственная Типография
|d 1902
|p 366 с.
|
| 606 |
1 |
|
|a Государственная власть и управление в России
|x История
|z кон. 17 в.-1917
|2 stltpush
|3 (RuTPU)RU\TPU\subj\65162
|9 81781
|
| 606 |
1 |
|
|a Государство и право России
|x История
|2 stltpush
|3 (RuTPU)RU\TPU\subj\8397
|9 35812
|
| 610 |
1 |
|
|a Российская империя
|
| 610 |
1 |
|
|a государственное устройство
|
| 610 |
1 |
|
|a государственное управление
|
| 610 |
1 |
|
|a министры
|
| 610 |
1 |
|
|a правительство
|
| 610 |
1 |
|
|a законодательная деятельность
|
| 610 |
1 |
|
|a постановления
|
| 610 |
1 |
|
|a указы
|
| 610 |
1 |
|
|a государственная деятельность
|
| 610 |
1 |
|
|a библиографические указатели
|
| 610 |
1 |
|
|a Комитет Министров
|
| 686 |
|
|
|a Т3(2)5-3я1
|v LBC/SL-A
|2 rubbk
|
| 686 |
|
|
|a Х2(2)я1
|v LBC/SL-A
|2 rubbk
|
| 702 |
|
1 |
|a Левинсон-Лессинг
|b П. Ю.
|4 220
|
| 702 |
|
1 |
|a Юрьев
|b С. В.
|4 220
|
| 702 |
|
1 |
|a Ону
|b А. М.
|4 220
|
| 801 |
|
1 |
|a RU
|b 63413507
|c 20200715
|
| 801 |
|
2 |
|a RU
|b 63413507
|c 20200925
|g RCR
|
| 942 |
|
|
|c BK
|